Fiatal szlovákiai magyar költők

Elmentve itt :
Bibliográfiai részletek
Szerző: Görömbei András
További közreműködők: Keszeli Ferenc
Kulcsár Ferenc
Kmeczkó Mihály
Tóth László
Mikola Anikó
Dokumentumtípus: Cikk
Megjelent: 1973
Sorozat:Tiszatáj 27 No. 1
Kulcsszavak:Magyar irodalom - Szlovákia - vers - könyvismertetés
Online Access:http://tiszataj.bibl.u-szeged.hu/7708
LEADER 00774nab a2200241 i 4500
001 tisza7708
005 20200330134019.0
008 170428s1973 hu o 0|| hun d
022 |a 0133-1167 
040 |a SZTE Tiszatáj Archívum  |b hun 
041 |a hun 
100 1 |a Görömbei András 
245 1 0 |a Fiatal szlovákiai magyar költők  |h [elektronikus dokumentum] /  |c  Görömbei András 
260 |c 1973 
300 |a 85-89 
490 0 |a Tiszatáj  |v 27 No. 1 
695 |a Magyar irodalom - Szlovákia - vers - könyvismertetés 
700 0 1 |a Keszeli Ferenc 
700 0 1 |a Kulcsár Ferenc 
700 0 1 |a Kmeczkó Mihály 
700 0 1 |a Tóth László 
700 0 1 |a Mikola Anikó 
856 4 0 |u http://tiszataj.bibl.u-szeged.hu/7708/1/tiszataj_1973_001_085-089.pdf  |z Dokumentum-elérés